Animals by emoji #3 - Statistics

General Stats
  • This quiz has been taken 48 times
  • The average score is 13 of 15
Answer Stats
Hint Answer % Correct
🦋 Butterfly
100%
🕷 Spider
100%
🐙 Octopus
97%
🐌 Snail
97%
🐞 Lady bird
94%
🐍 Snake
92%
🐜 Ant
86%
🪰 Fly
86%
🦎 Lizard
86%
🦗 Grass hopper
78%
🦂 Scorpion
78%
🦟 Mosquito
75%
🐢 Tortoise
67%
🪲 Beetle
64%
🪳 Cockroach
61%
No matching quizzes found
Score Distribution
Percent of People with Each Score
Percentile by Number Answered
Your Score History
You have not taken this quiz